007460000a22002650004500082002000000518001100020530000800031100002500039245007800064260002100142502005700163260000900220300001600229041000800245500002800253650002100281650001500302650001100317650001800328650001600346650001100362942000800373999001700381952008200398 a581.4bAg81pcD a991008 aDis aAgrawal, Manoj Kumar aPollen morphology of some Nepalese species of tribe phaseoleae 'Fabaceae' aKathmandu, Nepal aDissertationbDegree in Botany, Tribhuvan University c1998 a45p.billus aEng aBibliography at the end aPlant morphology aMorphology aBotany aPlant anatomy aGymnosperms aPollen cGEN c19955d19955 00104070aTUCLbTUCLd2010-06-20l0pD5876r2010-06-20 00:00:00w2010-06-20